Manual del redactor de informes /

Sábháilte in:
Sonraí bibleagrafaíochta
Príomhchruthaitheoir: Hagan, Charles E. van (autor)
Formáid: LEABHAR
Teanga:Spáinnis
Foilsithe / Cruthaithe: México : CECSA, 1981
Ábhair:
Clibeanna: Cuir clib leis
Níl clibeanna ann, Bí ar an gcéad duine le clib a chur leis an taifead seo!

MARC

LEADER 00000nam^a2200000^a^4500
001 000003968
005 20250521000000.0
009 20260310083246.105
037 |a Acervo ITESO - Biblioteca 
041 |a ESP 
082 |a 808. 02  |b HAG 
100 |a Hagan, Charles E. van  |e (autor) 
245 1 0 |a Manual del redactor de informes /  |c C.E.V. Hagen. 
264 1 |a México :  |b CECSA,  |c 1981 
300 |a 298 p. 
336 |a texto  |b txt  |2 rdacontenido 
337 |a sin mediación  |b n  |2 rdamedio 
338 |a volumen  |b nc  |2 rdasoporte 
500 |a Traducción de: Report Writers Handbook 
649 |a XX 
650 |a Tesis 
650 |a Redacción 
650 |a Investigación -  |x Informes 
650 |a Comunicación Escrita 
650 |a Comunicación Oral 
910 |a Fondo General 
920 |a Impresos - Libros 
930 |a Colección General 
940 |a Literatura 
905 |a 101 
901 |a 0039680100  |b IT1  |c LIT  |i 003968  |u 20250521 
902 |a https://opac.biblio.iteso.mx/vufind/Record/000003968